Will you still love me? / (Record no. 590121)
[ view plain ]
| 000 -LEADER | |
|---|---|
| fixed length control field | 00906cam a2200265 a 4500 |
| 001 - CONTROL NUMBER | |
| control field | 2389329 |
| 003 - CONTROL NUMBER IDENTIFIER | |
| control field | NUST |
| 005 - DATE AND TIME OF LATEST TRANSACTION | |
| control field | 20220606143820.0 |
| 008 - FIXED-LENGTH DATA ELEMENTS--GENERAL INFORMATION | |
| fixed length control field | 850724s1985 caua 000 0 eng |
| 010 ## - LIBRARY OF CONGRESS CONTROL NUMBER | |
| LC control number | 85081131 |
| 020 ## - INTERNATIONAL STANDARD BOOK NUMBER | |
| International Standard Book Number | 091877702X (pbk.) : |
| Terms of availability | $6.95 |
| 038 ## - RECORD CONTENT LICENSOR | |
| Staff Name | Arshad |
| 040 ## - CATALOGING SOURCE | |
| Original cataloging agency | DLC |
| Transcribing agency | DLC |
| Modifying agency | DLC |
| 050 00 - LIBRARY OF CONGRESS CALL NUMBER | |
| Classification number | PS3561.A88 |
| Item number | F3 1985 |
| 082 00 - DEWEY DECIMAL CLASSIFICATION NUMBER | |
| Classification number | 811.54 |
| Author Mark | KAV |
| 100 1# - MAIN ENTRY--PERSONAL NAME | |
| Personal name | Kavanaugh, James J., |
| Dates associated with a name | 1928-2009. |
| 9 (RLIN) | 8216 |
| 245 10 - TITLE STATEMENT | |
| Title | Will you still love me? / |
| Statement of responsibility, etc. | James Kavanaugh ; photographs by Michael Steinberg. |
| 250 ## - EDITION STATEMENT | |
| Edition statement | lst softback ed. |
| 260 ## - PUBLICATION, DISTRIBUTION, ETC. | |
| Place of publication, distribution, etc. | Laguna Beach, CA : |
| Name of publisher, distributor, etc. | Argonaut Pub. ; |
| Place of publication, distribution, etc. | San Francisco : |
| Name of publisher, distributor, etc. | Distributed by Harper & Row, |
| Date of publication, distribution, etc. | c1985. |
| 300 ## - PHYSICAL DESCRIPTION | |
| Extent | 112 p. : |
| Other physical details | ill. ; |
| Dimensions | 21 cm. |
| 500 ## - GENERAL NOTE | |
| General note | Rev. ed. of: Faces in the city. 1972. |
| 700 1# - ADDED ENTRY--PERSONAL NAME | |
| Personal name | Kavanaugh, James J., |
| Dates associated with a name | 1928-2009. |
| Title of a work | Faces in the city. |
| 9 (RLIN) | 8217 |
| 906 ## - LOCAL DATA ELEMENT F, LDF (RLIN) | |
| a | 7 |
| b | cbc |
| c | orignew |
| d | 3 |
| e | opcn |
| f | 19 |
| g | y-gencatlg |
| 942 ## - ADDED ENTRY ELEMENTS (KOHA) | |
| Source of classification or shelving scheme | |
| Koha item type | Book |
| Withdrawn status | Lost status | Source of classification or shelving scheme | Damaged status | Not for loan | Permanent Location | Current Location | Shelving location | Date acquired | Total Checkouts | Full call number | Barcode | Date last seen | Price effective from | Koha item type |
|---|---|---|---|---|---|---|---|---|---|---|---|---|---|---|
| Central Library (CL) | Central Library (CL) | Fiction | 06/06/2022 | 811.54 KAV | CL3340 | 06/06/2022 | 06/06/2022 | Book |
